000 00278nam a2200121Ia 4500
003 OSt
005 20230706071919.0
008 170524s9999 xx 000 0 und d
040 _cIIMT UNIVERSITY
100 _aBHATT- P.C.
245 0 _aFUNDAMENTALS OF ALGORITHMS
942 _2ddc
_c02
999 _c3420
_d3420